| 000 | 00581nam a2200193Ia 4500 | ||
|---|---|---|---|
| 003 | GCL | ||
| 008 | 140319s9999 xx 000 0 eng d | ||
| 040 |
_aGCL / _cGCL |
||
| 082 | 0 | 4 |
_a420.904 _bB W |
| 100 | 1 | _aBAUER, LAURIE | |
| 245 | 1 | 0 |
_aWATCHING ENGLISH CHANGE: AN INTRODUCTION OF THE STUDY OF LINGUISTIC CHANGE IN STANDARD ENGLISHES IN THE TWENTIETH CENTURY / _cBAUER, LAURIE |
| 260 |
_a[S.N] : _bLONGMAN ، _c1992 |
||
| 300 | _a200 P | ||
| 650 | 0 | 4 | _aفلاش |
| 650 | 0 | 4 | _aENGLISH LANGUAGE |
| 650 | 0 | 4 | _aHISTORY |
| 650 | 0 | 4 | _aالبنوك-النقود |
| 942 |
_2ddc _cBK |
||
| 999 |
_c23919 _d23919 |
||